Applied plant anatomy /
Guardado en:
| Autor Principal: | |
|---|---|
| Formato: | Libro |
| Idioma: | English |
| Publicado: |
London ; New York :
Longman,
1978.
|
| Etiquetas: |
Agregar Etiqueta
Sin Etiquetas, Sea el primero en etiquetar este registro!
|
| LEADER | 00458nam a22001455a 4500 | ||
|---|---|---|---|
| 001 | EEA.libagro003013 | ||
| 005 | 20190705114839.0 | ||
| 008 | 130809s1978####nyua##########000#0#eng#d | ||
| 020 | |a 0582441285 | ||
| 082 | 0 | 4 | |a 581.4 |
| 100 | 1 | |a Cutler, D. F. |q (David Frederick), |d 1939- | |
| 245 | 1 | 0 | |a Applied plant anatomy / |c D. F. Cutler. |
| 260 | |a London ; |a New York : |b Longman, |c 1978. | ||
| 300 | |a 103 p. : |b il. ; |c 25 cm. | ||
| 859 | |a AR-BbBCA |b BIB. AGRONOMIA |h 581.4 |i C989 |p 1981/0067 | ||
